| 000 | 00527nam a2200193 4500 | ||
|---|---|---|---|
| 003 | SEACOMEC | ||
| 005 | 20240831133812.0 | ||
| 008 | 240831b |||||||| |||| 00| 0 eng d | ||
| 020 |
_a978-0130144003 _c275.00 |
||
| 040 | _aSEACOMEC | ||
| 082 |
_a511.5 _bW516 |
||
| 100 | _a West, Douglas Brent | ||
| 245 |
_aIntroduction to Graph Theory _c Douglas B. West |
||
| 250 | _a2nd ed | ||
| 260 |
_aNew Delhi _bPrentice Hall _c2006 |
||
| 300 | _a588p | ||
| 650 | _aMathematics - Mathematical Methods - Graph Theory | ||
| 942 | _cBOOK | ||
| 999 |
_c1681 _d1681 |
||